| 000 | 01131cam a2200313 a 4500 | ||
|---|---|---|---|
| 001 | 15809250 | ||
| 005 | 20201128021103.0 | ||
| 008 | 090709s2010 xxkadk frb 001 0 eng d | ||
| 020 | _a9780415437639 (hbk.) | ||
| 020 | _a0415437636 (hbk.) | ||
| 020 | _a9780415437646 (pbk.) | ||
| 020 | _a0415437644 (pbk.) | ||
| 020 | _a9780203861615 (ebk.) | ||
| 020 | _a0203861612 (ebk.) | ||
| 040 |
_aDLC _cDLC _dBTCTA _dBAKER _dYDXCP _dOCLNG _dBWKUK _dBWK _dUKM _dCDX _dDLC _dEG-ScBUE |
||
| 082 | 0 | 0 |
_a338.88 _222 _bJOH |
| 100 | 1 |
_aJohnson, Debra _d1957- _936149 |
|
| 245 | 1 | 0 |
_aInternational business : _bthemes and issues in the modern global economy / _cDebra Johnson and Colin Turner. |
| 250 | _a2nd ed. | ||
| 260 |
_aOxon, United Kingdom ; _aNew York, United States : _bRoutledge, _c2010. |
||
| 300 |
_axxvii, 496 p. : _bcharts, forms, tables ; _c25 cm. |
||
| 500 | _aIndex : p. 488-496. | ||
| 504 | _aIncludes bibliographical references. | ||
| 650 | 0 |
_aInternational business enterprises _91592 |
|
| 653 |
_bBUSADM _cOctober2014 |
||
| 655 |
_vreading book _934232 |
||
| 700 | 1 |
_aTurner, Colin, _d1967- _936148 |
|
| 942 |
_2ddc _k338.88 JOH |
||
| 999 |
_c18431 _d18403 |
||